| 000 | 01107nam a22003017a 4500 | ||
|---|---|---|---|
| 001 | 4948 | ||
| 003 | FISKH | ||
| 005 | 20241122132032.0 | ||
| 008 | 241028b cb ||||| |||| 00| 0 eng d | ||
| 020 | _a9780439944533 | ||
| 040 |
_aFISKH _beng _cFISKH _dFISKH |
||
| 050 | _aQC981.G366 | ||
| 082 | _a551.5 | ||
| 100 | _aGaneri, Anita | ||
| 245 |
_aStormy Weather / _cby Anita Ganeri : illustrated by Mike Phillips |
||
| 250 | _aFirst published in the UK by Scholastic Ltd, 1999 | ||
| 260 |
_aNew York : _bSholastic ; _c1999. |
||
| 300 |
_a160 pages : _billustrations ; _c20 cm . |
||
| 490 | _a Horrible Geography | ||
| 505 | _aZ | ||
| 520 | _aGeography with the gritty bits left in! Where in the world can you: watch tornadoes that rip houses from the ground? meet the man struck by lightning seven times? and, see frozen turtles fall from the sky? Get the Earth-shattering facts in this book. | ||
| 521 | 8 |
_a950
_bLexile IG |
|
| 521 | 8 |
_aZ
_bRaz-Plus |
|
| 650 |
_aweather _vnono-fiction |
||
| 700 |
_aPhillips, Mike _eillustrator |
||
| 942 |
_2ddc _cBK _n0 |
||
| 999 |
_c4948 _d4948 |
||